Αρχαία αγορά Θεσσαλονίκης

Αποθηκεύτηκε σε:
Λεπτομέρειες βιβλιογραφικής εγγραφής
Άλλοι συγγραφείς: Αδάμ-Βελένη, Πολυξένη (Επιμελητής έκδοσης)
Μορφή: Βιβλίο
Γλώσσα:Greek
Δημοσίευση: Θεσσαλονίκη : University Studio Press, 2001
Θέματα:
Ετικέτες: Προσθήκη ετικέτας
Δεν υπάρχουν, Καταχωρήστε ετικέτα πρώτοι!

MARC

LEADER 00000cam a2200000 i 4500
001 1/46355
008 070618s2001 gre d
020 |a 960-12-0977-8 
035 |l 10088354 
040 |a GR-MY-UA  |b gre  |e aacr 
041 0 |a gre  |b eng 
082 0 |a 930.1  |2 (22) 
245 1 0 |a Αρχαία αγορά Θεσσαλονίκης /  |c εποπτεία - επιμέλεια έκδοσης Πολυξένη Αδάμ-Βελένη 
260 |a Θεσσαλονίκη :   |b University Studio Press,   |c 2001 
300 |a 345 σ.;  |b εικ.;  |c 29 εκ. 
500 |a Ανακοινώσεις στα ελληνικά με περιλήψεις στα αγγλικά 
500 |a Πρακτικά 1ης διημερίδας: Θεσσαλονίκη, Κρυπτή Στοά, 7-8 Ιουλ.1999 
504 |a Περιλαμβάνει βιβλιογραφία: σ. 343-345 
650 0 0 |a Excavations (Archaeology)  |z Greece  |z Thessalonike  |x Congresses. 
650 0 0 |a Marketplaces  |z Thessalonike (Greece)  |x Congresses. 
651 0 |a Thessalonike (Greece)  |x Antiquities  |x Congresses. 
651 0 |a Thessalonike (Greece)  |x Buildings, structures, etc.  |x Congresses. 
700 1 |a Αδάμ-Βελένη, Πολυξένη.  |4 edt 
852 |a INST  |b LESVOS  |e 20070618  |h 930.1 ΑΡΧ  |p 005100038065  |q 005100038065  |t BK  |y 0 
852 |a INST  |b LESVOS  |e 20101130  |h 930.1 ΑΡΧ  |p 005100049531  |q 005100049531  |t BK  |y 0 
901 |a BIBL1-2007-2 
901 |a BIBL1-2010-3 
909 |a Λ  |b 135072 
909 |a Λ  |b 165094 
922 |a 1ΕΛΗ  |b 200705  |c ΕΠΕΑΕΚ2/ΤΚΑ  |d Σ. ΠΑΤΑΚΗΣ 
970 |a ΚΑΡΑ  |b ΓΙΑΣΕΜΗ  |z 2007/06/18